The FOSECO foundryman's handbook. --10th ed. (Record no. 63255)

MARC details
000 -LEADER
fixed length control field 00774nam a2200169 a 4500
008 - FIXED-LENGTH DATA ELEMENTS--GENERAL INFORMATION
fixed length control field 130911s1994 ||||||||||||||||| || u
020 ## - INTERNATIONAL STANDARD BOOK NUMBER
International Standard Book Number 9780750619394
050 ## - LIBRARY OF CONGRESS CALL NUMBER
Classification number TS 235 FOS
100 ## - MAIN ENTRY--PERSONAL NAME
Personal name Brown, John R
245 14 - TITLE STATEMENT
Title The FOSECO foundryman's handbook. --10th ed.
Statement of responsibility, etc. revised and edited by John R. Brown
250 ## - EDITION STATEMENT
Edition statement 10th ed.
260 ## - PUBLICATION, DISTRIBUTION, ETC.
Place of publication, distribution, etc. Oxford:
Name of publisher, distributor, etc. BUTTERWORTH HEINEMANN
Date of publication, distribution, etc. 1994
300 ## - PHYSICAL DESCRIPTION
Extent vii, 380p.: ill.
650 ## - SUBJECT ADDED ENTRY--TOPICAL TERM
Topical term or geographic name entry element FOUNDING--HANDBOOKS, MANUALS, ETC
995 ## -
-- MAIN LIBRARY OPEN ACCESS
-- 744504
-- CBU-MAIN LIBRARY (Kitwe)
-- TS 235 FOS
-- 1
-- AVAILABLE
-- Sep 13, 2013
-- 744504
-- Main Library Open Access Collection
995 ## -
-- MAIN LIBRARY OPEN ACCESS
-- 744505
-- CBU-MAIN LIBRARY (Kitwe)
-- TS 235 FOS
-- 2
-- AVAILABLE
-- Sep 13, 2013
-- 744505
-- Main Library Open Access Collection
999 ## -
-- 63255
-- 63255
Holdings
Withdrawn status Lost status Source of classification or shelving scheme Damaged status Not for loan Permanent Location Current Location Shelving location Date acquired Total Checkouts Full call number Barcode Date last seen Price effective from Koha item type
          CBU-MAIN LIBRARY, KITWE. CBU-MAIN LIBRARY, KITWE.   12/24/2022   TS 235 FOS 744504 12/24/2022 12/24/2022 MONOGRAPH
          CBU-MAIN LIBRARY, KITWE. CBU-MAIN LIBRARY, KITWE.   12/24/2022   TS 235 FOS 744505 12/24/2022 12/24/2022 MONOGRAPH